Entry Personal Name
Number of records used in: 1
001 - CONTROL NUMBER
003 - CONTROL NUMBER IDENTIFIER
005 - DATE AND TIME OF LATEST TRANSACTION
- control field:
20200107143001.0
008 - FIXED-LENGTH DATA ELEMENTS
- fixed length control field:
061212n| acannaabn |n aaa c
010 ## - LIBRARY OF CONGRESS CONTROL NUMBER
- LC control number:
no2006134109
035 ## - SYSTEM CONTROL NUMBER
- System control number:
(OCoLC)oca07280816
040 ## - CATALOGING SOURCE
- Original cataloging agency:
NjP
- Language of cataloging:
eng
- Transcribing agency:
NjP
100 1# - HEADING--PERSONAL NAME
- Personal name:
Dogra, Balram
670 ## - SOURCE DATA FOUND
- Source citation:
Global competitiveness and productivity, c2005:
- Information found:
t.p. (Dr. Balram Dogra, director, Apeejay Institute of Management, Jalandhar (Punjab))